1778 1058 1637 1854 1430 1989 1992 1982 1583 1607 1340 1770 1838 1946 1341 1112 1473 1358 1050 1848 1220 1155 1483 1675 1597 1936 1937 1849 1353 1713 1538 1814 1997 1122 1383 1528 1807 1816 1819 1356 1772 1352 1996 1483 1997 1043 1021 1546 1028 1064 1638 1015 1274 1735 1321 1508 1382 1803 1061 1727 1481 1592 1626 1520 1806 1066 1175 1890 1913 1542 1715 1328 1911 1474 1415 1028 1971 1399 1758 1251 1504 1008 1399 1129 1521 1546 1722 1332 1003 1604 1006 1316 1252 1573 1635 1574 1141 1818 1480 BCNSPRNW ULIB Ver.6.0+V

เปลี่ยนเป็นภาษาไทย

Change to English
 แสดงรายละเอียดบรรณานุกรม
  กลับหน้าหลัก

Brief Record : Get Marc (ISO 2709) : E-mail record : QR code < ปิดหน้าต่าง
LEADER : 00000nam 2200000uu 4500
001    13399128820
003     ULIB
008    241009s2565||||th 000 0 tha d
020 ^^ ^a9786165786775
060 ^^ ^aWB405^bอ119พ
100 ^^ ^aอณฎณ.
245 ^^ ^aพืชผักบำบัดโรค
260 ^^ ^aกรุงเทพฯ : ^bMD, ^c2565
300 ^^ ^a160 หน้า
650 ^^ ^aอาหารเพื่อสุขภาพ
650 ^^ ^aผัก
650 ^^ ^aพืชสมุนไพร
650 ^^ ^aพืชเป็นยา
945    ^p225^l0^i010990
945    ^p225^l0^i010991
945    ^p225^l0^i010992
999    ^aประนอม เกษจรัล
รายการนี้ยังไม่มีแท็ก
คุณยังไม่ได้ล็อกอิน คุณสามารถมีกิจกรรมร่วมกับเว็บไซต์ได้ แต่ต้องล็อกอินก่อน ::
  ล็อกอิน

รายการสื่อสารสนเทศ

ลำดับที่ ประเภท เลขเรียก/บาร์โค้ด สถานที่ สถานะ
1. วิทยาศาสตร์การแพทย์ และสุขภาพ
หนังสือสำรอง
สถานะ=หนังสือสำรอง
WB405 อ119พ ฉ.1 
  Barcode: 010990
ห้องสมุดวิทยาเขตสวรรค์ประชารักษ์
►หนังสือทั่วไป
บนชั้น
2. วิทยาศาสตร์การแพทย์ และสุขภาพ
วิทยาศาสตร์การแพทย์ และสุขภาพ
WB405 อ119พ ฉ.2 
  Barcode: 010991
ห้องสมุดวิทยาเขตสวรรค์ประชารักษ์
►หนังสือทั่วไป
บนชั้น
3. วิทยาศาสตร์การแพทย์ และสุขภาพ
วิทยาศาสตร์การแพทย์ และสุขภาพ
WB405 อ119พ ฉ.3 
  Barcode: 010992
ห้องสมุดวิทยาเขตสวรรค์ประชารักษ์
►หนังสือทั่วไป
บนชั้น

รายการใกล้เคียง
    ชื่อเรื่อง [พืชผักบำบัดโรค]

    หัวเรื่อง [อาหารเพื่อสุขภาพ]
    หัวเรื่อง [ผัก]
    หัวเรื่อง [พืชสมุนไพร]
    หัวเรื่อง [พืชเป็นยา]

BibComment


ยังไม่เคยถูกคอมเมนท์

คอมเมนท์ทรัพยากรรายการนี้
  คอมเมนท์: พืชผักบำบัดโรค


 Copyright 2026. Bcnsprnw @Library